Statistics for Most F1 Fastest Laps Per Country

Click here to take the quiz!

General Stats

  • This quiz has been taken 14 times
  • The average score is 18 of 20

Answer Stats

RanksContinentFast LapsAnswer% Correct
6Oceania62Australia
100%
8Europe49Austria
100%
14North America17Canada
100%
4Europe91France
100%
7Europe51Italy
100%
17North America13Mexico
100%
1Europe264United Kingdom
100%
10North America36United States
100%
9South America37Argentina
92%
5South America88Brazil
92%
2Europe159Germany
92%
11Europe30Netherlands
92%
16Oceania15New Zealand
92%
12Europe28Spain
92%
3Europe95Finland
83%
19Europe10Sweden
83%
15Europe16Belgium
75%
18South America12Colombia
75%
13Europe20Switzerland
75%
20Europe7Monaco
58%

Score Distribution

Percentile by Number Answered

Percent of People with Each Score

Your Score History

You have not taken this quiz